Konvekcija i teplovyje volny

Gespeichert in:
Bibliographische Detailangaben
Hauptverfasser: Lykov, Aleksej Vasiljevič (Verfasst von), Berkovskij, Boris Michajlovič (Verfasst von)
Format: Buch
Sprache:Russisch
Veröffentlicht: Moskva : Energija, 1974
Schlagworte:
Tags: Tag hinzufügen
Keine Tags, Fügen Sie das erste Tag hinzu!

MARC

LEADER 00000nam a22000003a 4500
001 stu85461
005 20150617225633.4
008 040330s1974----xxr-----------------rus-d
040 |a STU  |b slo 
041 0 |a rus 
044 |a xxr 
080 |a 536.25 
100 1 |a Lykov, Aleksej Vasiljevič  |4 aut 
245 1 |a Konvekcija i teplovyje volny 
260 |a Moskva :  |b Energija,  |c 1974 
300 |a 335 s 
650 7 |a prúdenie tepla  |2 stusub 
700 1 |a Berkovskij, Boris Michajlovič  |4 aut 
996 |b 284J020324  |c J*44529  |l JJSK  |s A  |a 24  |w stu85461_0001